ბათუმის შოთა რუსთაველის სახელმწიფო უნივერსიტეტის ბიბლიოთეკა

Физика магнитных явлении (ბიბ.ჩანაწერი № 35104)

000 -LEADER
fixed length control field 00654nam a2200241Ia 4500
001 - CONTROL NUMBER
control field 945
003 - CONTROL NUMBER IDENTIFIER
control field GE_BSU
008 - FIXED-LENGTH DATA ELEMENTS--GENERAL INFORMATION
fixed length control field 181216s||||||||xx |||||||||||||| ||und||
040 ## - CATALOGING SOURCE
Transcribing agency GE_BSU
080 ## - UNIVERSAL DECIMAL CLASSIFICATION NUMBER
Universal Decimal Classification number 537(075.8)
100 ## - MAIN ENTRY--PERSONAL NAME
Personal name Кринчик,Г.С.
245 ## - TITLE STATEMENT
Title Физика магнитных явлении
245 ## - TITLE STATEMENT
Remainder of title Уч. пос. для студ.физич. спец.
250 ## - EDITION STATEMENT
Edition statement 2-е изд.,доп.
260 ## - PUBLICATION, DISTRIBUTION, ETC.
Place of publication, distribution, etc. Москва
260 ## - PUBLICATION, DISTRIBUTION, ETC.
Name of publisher, distributor, etc. Московский ун-т
260 ## - PUBLICATION, DISTRIBUTION, ETC.
Date of publication, distribution, etc. 1985
300 ## - PHYSICAL DESCRIPTION
Extent 336стр.
653 ## - INDEX TERM--UNCONTROLLED
Uncontrolled term Физика
653 ## - INDEX TERM--UNCONTROLLED
Uncontrolled term Физика магнитных явлении
942 ## - ADDED ENTRY ELEMENTS (KOHA)
Koha item type წიგნი
ეგზემპლარები
Withdrawn status Lost status Damaged status Not for loan Date acquired Barcode Date last seen Price effective from Koha item type
        2018-12-17 1571 2018-12-17 2018-12-17 წიგნი